[Event "ODJM B 2023"]
[Site "Willingen GER"]
[Date "2023.05.28"]
[Round "1"]
[White "Blome, Johannes"]
[Black "Loßin, Charlotte"]
[Result "1-0"]
[Termination "normal"]
[Board "1"]
[WhiteElo "1849"]
[BlackElo "1518"]
[WhiteClock "00:55:52"]
[BlackClock "00:22:35"]
[PlyCount "87"]
[WhiteFideId "16233972"]
[BlackFideId "16218345"]
[EventCountry "GER"]
[EventRounds "9"]
[EventType "swiss"]
[EventDate "2023.05.27"]

1. e4 {[%clk 01:30:56] [%emt 00:00:02]} 1... e6 {[%clk 01:30:53] [%emt
00:00:07]} 2. b3 {[%clk 01:31:22] [%emt 00:00:05]} 2... d5 {[%clk 01:29:24]
[%emt 00:01:59]} 3. Bb2 {[%clk 01:31:35] [%emt 00:00:17]} 3... Nf6 {[%clk
01:28:11] [%emt 00:01:43]} 4. e5 {[%clk 01:31:59] [%emt 00:00:06]} 4... Nfd7
{[%clk 01:28:34] [%emt 00:00:07]} 5. Qg4 {[%clk 01:32:22] [%emt 00:00:06]} 5...
c5 {[%clk 01:25:20] [%emt 00:03:44]} 6. f4 {[%clk 01:31:34] [%emt 00:01:19]}
6... Qb6 {[%clk 01:20:19] [%emt 00:05:31]} 7. c4 {[%clk 01:20:01] [%emt
00:12:02]} 7... d4 {[%clk 01:17:35] [%emt 00:03:15]} 8. Nf3 {[%clk 01:11:56]
[%emt 00:08:34]} 8... Nc6 {[%clk 01:13:41] [%emt 00:04:25]} 9. Be2 {[%clk
01:07:27] [%emt 00:04:58]} 9... Nb4 {[%clk 01:13:26] [%emt 00:00:46]} 10. Na3
{[%clk 01:06:56] [%emt 00:01:00]} 10... d3 {[%clk 01:05:18] [%emt 00:08:39]}
11. Bd1 {[%clk 01:07:14] [%emt 00:00:12]} 11... Qc6 {[%clk 01:02:30] [%emt
00:03:18]} 12. O-O {[%clk 01:06:30] [%emt 00:01:12]} 12... a6 {[%clk 00:59:16]
[%emt 00:03:46]} 13. Ng5 {[%clk 01:02:16] [%emt 00:04:43]} 13... Nb6 {[%clk
00:33:58] [%emt 00:25:49]} 14. Bf3 {[%clk 00:58:45] [%emt 00:04:00]} 14... Qc7
{[%clk 00:31:16] [%emt 00:03:12]} 15. Be4 {[%clk 00:51:04] [%emt 00:08:11]}
15... h6 {[%clk 00:29:32] [%emt 00:02:15]} 16. Qh5 {[%clk 00:50:17] [%emt
00:01:17]} 16... g6 {[%clk 00:23:28] [%emt 00:06:34]} 17. Bxg6 {[%clk 00:50:27]
[%emt 00:00:20]} 17... hxg5 {[%clk 00:23:47] [%emt 00:00:10]} 18. Bxf7+ {[%clk
00:49:15] [%emt 00:01:42]} 18... Qxf7 {[%clk 00:23:23] [%emt 00:00:54]} 19.
Qxh8 {[%clk 00:49:39] [%emt 00:00:06]} 19... gxf4 {[%clk 00:22:55] [%emt
00:00:58]} 20. g3 {[%clk 00:47:59] [%emt 00:02:10]} 20... f3 {[%clk 00:18:51]
[%emt 00:04:35]} 21. Rxf3 {[%clk 00:46:37] [%emt 00:01:51]} 21... Qxf3 {[%clk
00:16:33] [%emt 00:02:47]} 22. Rf1 {[%clk 00:47:02] [%emt 00:00:05]} 22...
Qxf1+ {[%clk 00:16:58] [%emt 00:00:06]} 23. Kxf1 {[%clk 00:47:29] [%emt
00:00:03]} 23... Bd7 {[%clk 00:14:52] [%emt 00:02:37]} 24. Qh5+ {[%clk
00:47:50] [%emt 00:00:08]} 24... Kd8 {[%clk 00:14:49] [%emt 00:00:34]} 25. Bc3
{[%clk 00:41:11] [%emt 00:07:09]} 25... Nxa2 {[%clk 00:08:31] [%emt 00:06:47]}
26. Ba5 {[%clk 00:40:53] [%emt 00:00:47]} 26... Kc7 {[%clk 00:08:43] [%emt
00:00:19]} 27. Qh7 {[%clk 00:40:33] [%emt 00:00:50]} 27... Rd8 {[%clk 00:08:22]
[%emt 00:00:51]} 28. Qxd3 {[%clk 00:40:14] [%emt 00:00:49]} 28... Nb4 {[%clk
00:05:02] [%emt 00:03:50]} 29. Bxb4 {[%clk 00:36:36] [%emt 00:04:08]} 29...
cxb4 {[%clk 00:05:26] [%emt 00:00:07]} 30. Nc2 {[%clk 00:37:01] [%emt
00:00:04]} 30... Bc5 {[%clk 00:03:49] [%emt 00:02:07]} 31. Qh7 {[%clk 00:36:17]
[%emt 00:01:13]} 31... Kc8 {[%clk 00:03:09] [%emt 00:01:11]} 32. d4 {[%clk
00:35:49] [%emt 00:00:58]} 32... Bf8 {[%clk 00:02:31] [%emt 00:01:08]} 33. Qg6
{[%clk 00:35:16] [%emt 00:01:03]} 33... Be7 {[%clk 00:01:39] [%emt 00:01:22]}
34. d5 {[%clk 00:33:55] [%emt 00:01:52]} 34... Rf8+ {[%clk 00:01:17] [%emt
00:00:51]} 35. Kg2 {[%clk 00:29:43] [%emt 00:04:43]} 35... Bc5 {[%clk 00:01:32]
[%emt 00:00:15]} 36. dxe6 {[%clk 00:29:03] [%emt 00:01:09]} 36... Bc6+ {[%clk
00:01:15] [%emt 00:00:47]} 37. Kh3 {[%clk 00:28:52] [%emt 00:00:40]} 37... Kb8
{[%clk 00:01:04] [%emt 00:00:42]} 38. e7 {[%clk 00:24:49] [%emt 00:04:34]}
38... Bd7+ {[%clk 00:00:45] [%emt 00:00:49]} 39. e6 {[%clk 00:25:00] [%emt
00:00:18]} 39... Rh8+ {[%clk 00:00:58] [%emt 00:00:17]} 40. Kg4 {[%clk
00:25:18] [%emt 00:00:12]} 40... Be8 {[%clk 00:01:03] [%emt 00:00:25]} 41. Qg7
{[%clk 00:24:57] [%emt 00:00:51]} 41... Rxh2 {[%clk 00:23:14] [%emt 00:08:19]}
42. Qf8 {[%clk 00:55:05] [%emt 00:00:22]} 42... Rxc2 {[%clk 00:22:43] [%emt
00:01:01]} 43. Qxe8+ {[%clk 00:55:31] [%emt 00:00:04]} 43... Nc8 {[%clk
00:22:35] [%emt 00:00:38]} 44. Qg6 {[%clk 00:55:52] [%emt 00:00:09]} 1-0

[Event "ODJM B 2023"]
[Site "Willingen GER"]
[Date "2023.05.28"]
[Round "1"]
[White "Frydel, Marcel"]
[Black "Andrade, Ruben"]
[Result "0-1"]
[Termination "normal"]
[Board "2"]
[WhiteElo "1346"]
[BlackElo "1753"]
[WhiteClock "00:36:39"]
[BlackClock "00:06:14"]
[PlyCount "104"]
[WhiteFideId "16245733"]
[BlackFideId "16246829"]
[EventCountry "GER"]
[EventRounds "9"]
[EventType "swiss"]
[EventDate "2023.05.27"]

1. e4 {[%clk 01:30:57] [%emt 00:00:03]} 1... e5 {[%clk 01:30:51] [%emt
00:00:09]} 2. Nf3 {[%clk 01:31:24] [%emt 00:00:04]} 2... Nc6 {[%clk 01:31:16]
[%emt 00:00:04]} 3. Nc3 {[%clk 01:31:47] [%emt 00:00:07]} 3... Nf6 {[%clk
01:31:39] [%emt 00:00:07]} 4. d4 {[%clk 01:32:14] [%emt 00:00:03]} 4... exd4
{[%clk 01:32:02] [%emt 00:00:07]} 5. Nxd4 {[%clk 01:32:39] [%emt 00:00:06]}
5... Bb4 {[%clk 01:31:45] [%emt 00:00:46]} 6. Nxc6 {[%clk 01:33:05] [%emt
00:00:05]} 6... bxc6 {[%clk 01:31:14] [%emt 00:01:01]} 7. Bd3 {[%clk 01:33:28]
[%emt 00:00:06]} 7... h6 {[%clk 01:13:26] [%emt 00:18:17]} 8. Bd2 {[%clk
01:26:43] [%emt 00:07:16]} 8... d6 {[%clk 01:11:37] [%emt 00:02:19]} 9. h3
{[%clk 01:23:31] [%emt 00:03:42]} 9... O-O {[%clk 01:08:44] [%emt 00:03:23]}
10. O-O {[%clk 01:23:47] [%emt 00:00:14]} 10... Nd7 {[%clk 00:58:40] [%emt
00:10:34]} 11. Ne2 {[%clk 01:20:11] [%emt 00:04:06]} 11... Bxd2 {[%clk
00:56:41] [%emt 00:02:28]} 12. Qxd2 {[%clk 01:20:34] [%emt 00:00:08]} 12... Ne5
{[%clk 00:55:51] [%emt 00:01:20]} 13. Rfe1 {[%clk 01:19:11] [%emt 00:01:53]}
13... Bxh3 {[%clk 00:54:06] [%emt 00:02:13]} 14. Ba6 {[%clk 01:12:38] [%emt
00:07:05]} 14... Qf6 {[%clk 00:39:15] [%emt 00:15:21]} 15. f4 {[%clk 01:07:26]
[%emt 00:05:41]} 15... Qg6 {[%clk 00:23:16] [%emt 00:16:29]} 16. Nd4 {[%clk
01:00:25] [%emt 00:07:32]} 16... c5 {[%clk 00:23:34] [%emt 00:00:12]} 17. fxe5
{[%clk 00:55:56] [%emt 00:04:58]} 17... cxd4 {[%clk 00:23:55] [%emt 00:00:09]}
18. exd6 {[%clk 00:51:16] [%emt 00:05:10]} 18... Qxd6 {[%clk 00:23:47] [%emt
00:00:38]} 19. gxh3 {[%clk 00:50:34] [%emt 00:01:12]} 19... Qxa6 {[%clk
00:24:08] [%emt 00:00:09]} 20. Qxd4 {[%clk 00:49:52] [%emt 00:01:12]} 20...
Rad8 {[%clk 00:21:06] [%emt 00:03:32]} 21. Qe3 {[%clk 00:48:06] [%emt
00:02:16]} 21... Rd6 {[%clk 00:17:21] [%emt 00:04:15]} 22. Kh1 {[%clk 00:46:13]
[%emt 00:02:23]} 22... Rfd8 {[%clk 00:15:38] [%emt 00:02:12]} 23. Rg1 {[%clk
00:44:10] [%emt 00:02:34]} 23... Qc6 {[%clk 00:14:18] [%emt 00:01:50]} 24. Rg2
{[%clk 00:42:45] [%emt 00:01:56]} 24... Re8 {[%clk 00:03:17] [%emt 00:11:30]}
25. Rag1 {[%clk 00:42:08] [%emt 00:01:07]} 25... g5 {[%clk 00:03:32] [%emt
00:00:15]} 26. h4 {[%clk 00:38:26] [%emt 00:04:12]} 26... Rxe4 {[%clk 00:02:44]
[%emt 00:01:17]} 27. Qg3 {[%clk 00:34:52] [%emt 00:04:04]} 27... Rdd4 {[%clk
00:02:15] [%emt 00:00:59]} 28. Rf1 {[%clk 00:33:35] [%emt 00:01:48]} 28...
Rxh4+ {[%clk 00:02:35] [%emt 00:00:09]} 29. Kg1 {[%clk 00:34:00] [%emt
00:00:06]} 29... Qxg2+ {[%clk 00:00:52] [%emt 00:02:13]} 30. Kxg2 {[%clk
00:33:29] [%emt 00:01:01]} 30... Rhg4 {[%clk 00:01:19] [%emt 00:00:02]} 31. Rf6
{[%clk 00:33:19] [%emt 00:00:41]} 31... Rd2+ {[%clk 00:01:24] [%emt 00:00:25]}
32. Kf3 {[%clk 00:33:05] [%emt 00:00:45]} 32... Rxg3+ {[%clk 00:01:46] [%emt
00:00:07]} 33. Kxg3 {[%clk 00:33:25] [%emt 00:00:11]} 33... Rxc2 {[%clk
00:02:02] [%emt 00:00:13]} 34. Rxh6 {[%clk 00:33:26] [%emt 00:00:29]} 34...
Rxb2 {[%clk 00:02:11] [%emt 00:00:21]} 35. Ra6 {[%clk 00:33:42] [%emt
00:00:14]} 35... c5 {[%clk 00:00:39] [%emt 00:02:02]} 36. Rxa7 {[%clk 00:34:01]
[%emt 00:00:11]} 36... c4 {[%clk 00:00:48] [%emt 00:00:21]} 37. Kg4 {[%clk
00:33:49] [%emt 00:00:43]} 37... c3 {[%clk 00:00:37] [%emt 00:00:41]} 38. Kxg5
{[%clk 00:33:45] [%emt 00:00:34]} 38... Rb5+ {[%clk 00:00:59] [%emt 00:00:07]}
39. Kh6 {[%clk 00:33:01] [%emt 00:01:14]} 39... Rb6+ {[%clk 00:01:26] [%emt
00:00:04]} 40. Kg5 {[%clk 00:32:52] [%emt 00:00:38]} 40... Rc6 {[%clk 00:01:48]
[%emt 00:00:08]} 41. Re7 {[%clk 00:32:38] [%emt 00:00:45]} 41... c2 {[%clk
00:02:11] [%emt 00:00:07]} 42. Re1 {[%clk 00:32:57] [%emt 00:00:11]} 42...
c1=Q+ {[%clk 00:02:35] [%emt 00:00:06]} 43. Rxc1 {[%clk 00:33:14] [%emt
00:00:13]} 43... Rxc1 {[%clk 00:03:02] [%emt 00:00:03]} 44. a4 {[%clk 00:33:37]
[%emt 00:00:06]} 44... Ra1 {[%clk 00:03:27] [%emt 00:00:05]} 45. a5 {[%clk
00:34:03] [%emt 00:00:04]} 45... Rxa5+ {[%clk 00:03:55] [%emt 00:00:03]} 46.
Kh6 {[%clk 00:34:27] [%emt 00:00:05]} 46... f5 {[%clk 00:03:40] [%emt
00:00:45]} 47. Kg6 {[%clk 00:34:44] [%emt 00:00:13]} 47... f4 {[%clk 00:04:06]
[%emt 00:00:04]} 48. Kh6 {[%clk 00:35:01] [%emt 00:00:13]} 48... f3 {[%clk
00:04:33] [%emt 00:00:03]} 49. Kg6 {[%clk 00:35:27] [%emt 00:00:04]} 49... f2
{[%clk 00:05:00] [%emt 00:00:04]} 50. Kh6 {[%clk 00:35:53] [%emt 00:00:04]}
50... f1=Q {[%clk 00:05:24] [%emt 00:00:05]} 51. Kg6 {[%clk 00:36:15] [%emt
00:00:07]} 51... Qf7+ {[%clk 00:05:47] [%emt 00:00:07]} 52. Kh6 {[%clk
00:36:39] [%emt 00:00:07]} 52... Rh5# {[%clk 00:06:14] [%emt 00:00:03]} 0-1

[Event "ODJM B 2023"]
[Site "Willingen GER"]
[Date "2023.05.28"]
[Round "1"]
[White "Weyerer, Noah"]
[Black "Rose, Simeon"]
[Result "1-0"]
[Termination "normal"]
[Board "3"]
[WhiteElo "1677"]
[BlackElo "1416"]
[WhiteClock "00:38:24"]
[BlackClock "00:05:33"]
[PlyCount "69"]
[WhiteFideId "16250664"]
[BlackFideId "34625062"]
[EventCountry "GER"]
[EventRounds "9"]
[EventType "swiss"]
[EventDate "2023.05.27"]

1. c4 {[%clk 01:30:58] [%emt 00:00:01]} 1... e5 {[%clk 01:29:29] [%emt
00:01:30]} 2. Nc3 {[%clk 01:31:22] [%emt 00:00:07]} 2... Nc6 {[%clk 01:29:33]
[%emt 00:00:26]} 3. g3 {[%clk 01:31:41] [%emt 00:00:11]} 3... Bc5 {[%clk
01:27:50] [%emt 00:02:13]} 4. Bg2 {[%clk 01:31:56] [%emt 00:00:16]} 4... d6
{[%clk 01:27:06] [%emt 00:01:14]} 5. e3 {[%clk 01:31:47] [%emt 00:00:39]} 5...
Bf5 {[%clk 01:25:17] [%emt 00:02:19]} 6. Nf3 {[%clk 01:29:35] [%emt 00:02:41]}
6... Nb4 {[%clk 01:21:19] [%emt 00:04:29]} 7. Qa4+ {[%clk 01:21:59] [%emt
00:08:06]} 7... Bd7 {[%clk 00:54:20] [%emt 00:27:30]} 8. Qb3 {[%clk 01:20:11]
[%emt 00:02:16]} 8... Bf5 {[%clk 00:53:36] [%emt 00:01:13]} 9. e4 {[%clk
01:19:26] [%emt 00:01:16]} 9... Nd3+ {[%clk 00:53:25] [%emt 00:00:41]} 10. Ke2
{[%clk 01:19:47] [%emt 00:00:09]} 10... Nxf2 {[%clk 00:53:21] [%emt 00:00:35]}
11. exf5 {[%clk 01:19:17] [%emt 00:01:00]} 11... Nxh1 {[%clk 00:53:21] [%emt
00:00:30]} 12. Bxh1 {[%clk 01:19:40] [%emt 00:00:07]} 12... Rb8 {[%clk
00:48:05] [%emt 00:05:46]} 13. d3 {[%clk 01:17:25] [%emt 00:02:44]} 13... Qf6
{[%clk 00:45:53] [%emt 00:02:42]} 14. g4 {[%clk 01:15:55] [%emt 00:02:00]}
14... h5 {[%clk 00:44:11] [%emt 00:02:11]} 15. Bg5 {[%clk 01:13:54] [%emt
00:02:32]} 15... hxg4 {[%clk 00:39:11] [%emt 00:05:30]} 16. Bxf6 {[%clk
01:14:17] [%emt 00:00:07]} 16... gxf3+ {[%clk 00:39:29] [%emt 00:00:12]} 17.
Kxf3 {[%clk 01:11:35] [%emt 00:03:12]} 17... Nxf6 {[%clk 00:39:00] [%emt
00:00:59]} 18. Bg2 {[%clk 00:59:51] [%emt 00:12:14]} 18... Rh5 {[%clk 00:36:42]
[%emt 00:02:47]} 19. Rf1 {[%clk 00:56:01] [%emt 00:04:20]} 19... Rxf5+ {[%clk
00:34:03] [%emt 00:03:10]} 20. Ke2 {[%clk 00:55:45] [%emt 00:00:46]} 20... Rg5
{[%clk 00:32:57] [%emt 00:01:34]} 21. Bf3 {[%clk 00:51:58] [%emt 00:04:19]}
21... Kd7 {[%clk 00:27:46] [%emt 00:05:41]} 22. Ne4 {[%clk 00:47:46] [%emt
00:04:42]} 22... Nxe4 {[%clk 00:26:49] [%emt 00:01:27]} 23. Bxe4 {[%clk
00:46:13] [%emt 00:02:03]} 23... Rh8 {[%clk 00:23:54] [%emt 00:03:25]} 24.
Rxf7+ {[%clk 00:41:52] [%emt 00:04:50]} 24... Ke8 {[%clk 00:22:52] [%emt
00:01:32]} 25. Rf1 {[%clk 00:38:58] [%emt 00:03:24]} 25... Rxh2+ {[%clk
00:23:05] [%emt 00:00:17]} 26. Kd1 {[%clk 00:37:56] [%emt 00:01:33]} 26... Bb6
{[%clk 00:18:11] [%emt 00:05:25]} 27. c5 {[%clk 00:36:40] [%emt 00:01:45]}
27... d5 {[%clk 00:05:22] [%emt 00:13:01]} 28. Qxd5 {[%clk 00:36:55] [%emt
00:00:33]} 28... Rd2+ {[%clk 00:04:09] [%emt 00:01:44]} 29. Kxd2 {[%clk
00:37:15] [%emt 00:00:09]} 29... Ba5+ {[%clk 00:04:22] [%emt 00:00:18]} 30. Kc1
{[%clk 00:37:30] [%emt 00:00:14]} 30... Bd2+ {[%clk 00:04:37] [%emt 00:00:16]}
31. Kxd2 {[%clk 00:37:50] [%emt 00:00:08]} 31... Rg2+ {[%clk 00:04:59] [%emt
00:00:09]} 32. Bxg2 {[%clk 00:38:14] [%emt 00:00:06]} 32... c6 {[%clk 00:05:14]
[%emt 00:00:16]} 33. Qe6+ {[%clk 00:38:17] [%emt 00:00:25]} 33... Kd8 {[%clk
00:05:31] [%emt 00:00:14]} 34. Qd6+ {[%clk 00:38:33] [%emt 00:00:14]} 34... Kc8
{[%clk 00:05:33] [%emt 00:00:29]} 35. Bh3# {[%clk 00:38:24] [%emt 00:00:07]}
1-0

[Event "ODJM B 2023"]
[Site "Willingen GER"]
[Date "2023.05.28"]
[Round "1"]
[White "Hepp, Daniel"]
[Black "Storm, Max"]
[Result "0-1"]
[Termination "normal"]
[Board "4"]
[WhiteElo "1442"]
[BlackElo "1703"]
[WhiteClock "01:02:15"]
[BlackClock "00:15:30"]
[PlyCount "88"]
[WhiteFideId "34608567"]
[BlackFideId "34625658"]
[EventCountry "GER"]
[EventRounds "9"]
[EventType "swiss"]
[EventDate "2023.05.27"]

1. d4 {[%clk 01:30:59] [%emt 00:00:01]} 1... Nf6 {[%clk 01:30:51] [%emt
00:00:09]} 2. e3 {[%clk 01:31:18] [%emt 00:00:11]} 2... d5 {[%clk 01:30:24]
[%emt 00:00:56]} 3. Bd3 {[%clk 01:31:31] [%emt 00:00:18]} 3... c5 {[%clk
01:29:39] [%emt 00:01:14]} 4. c3 {[%clk 01:31:30] [%emt 00:00:32]} 4... Nc6
{[%clk 01:29:49] [%emt 00:00:19]} 5. f4 {[%clk 01:31:21] [%emt 00:00:41]} 5...
Bg4 {[%clk 01:29:47] [%emt 00:00:31]} 6. Nf3 {[%clk 01:31:00] [%emt 00:00:51]}
6... e6 {[%clk 01:29:15] [%emt 00:01:01]} 7. Nbd2 {[%clk 01:30:49] [%emt
00:00:42]} 7... Bd6 {[%clk 01:28:16] [%emt 00:01:28]} 8. Nf1 {[%clk 01:28:54]
[%emt 00:02:26]} 8... Bf5 {[%clk 01:19:42] [%emt 00:09:04]} 9. Bxf5 {[%clk
01:22:30] [%emt 00:06:54]} 9... exf5 {[%clk 01:20:08] [%emt 00:00:04]} 10. Ng3
{[%clk 01:22:49] [%emt 00:00:11]} 10... g6 {[%clk 01:15:42] [%emt 00:04:55]}
11. Qb3 {[%clk 01:18:17] [%emt 00:05:02]} 11... Qc7 {[%clk 01:10:40] [%emt
00:05:31]} 12. Ne5 {[%clk 01:17:54] [%emt 00:00:54]} 12... O-O {[%clk 01:08:52]
[%emt 00:02:18]} 13. O-O {[%clk 01:14:31] [%emt 00:03:53]} 13... Rfe8 {[%emt
00:14:02]} 14. Bd2 {[%clk 01:07:48]} 14... Rad8 {[%clk 00:58:32] [%emt
00:04:31]} 15. h3 {[%clk 01:06:06] [%emt 00:02:13]} 15... Kg7 {[%clk 00:47:45]
[%emt 00:11:16]} 16. Rac1 {[%clk 01:01:51] [%emt 00:04:46]} 16... c4 {[%clk
00:41:16] [%emt 00:06:58]} 17. Qc2 {[%clk 01:00:50] [%emt 00:01:32]} 17... Ne4
{[%clk 00:39:07] [%emt 00:02:38]} 18. Nxe4 {[%clk 00:59:11] [%emt 00:02:10]}
18... fxe4 {[%clk 00:39:09] [%emt 00:00:27]} 19. Be1 {[%clk 00:58:52] [%emt
00:00:50]} 19... f6 {[%clk 00:37:36] [%emt 00:02:02]} 20. Ng4 {[%clk 00:56:24]
[%emt 00:02:59]} 20... Rd7 {[%clk 00:30:59] [%emt 00:07:06]} 21. Bh4 {[%clk
00:56:04] [%emt 00:00:50]} 21... Rf7 {[%clk 00:30:55] [%emt 00:00:33]} 22. Qf2
{[%clk 00:55:42] [%emt 00:00:54]} 22... Ref8 {[%clk 00:27:33] [%emt 00:03:50]}
23. Qe2 {[%clk 00:49:38] [%emt 00:06:35]} 23... h5 {[%clk 00:22:46] [%emt
00:05:17]} 24. Nxf6 {[%clk 00:47:40] [%emt 00:02:29]} 24... Rxf6 {[%clk
00:22:52] [%emt 00:00:24]} 25. Bxf6+ {[%clk 00:48:04] [%emt 00:00:05]} 25...
Rxf6 {[%clk 00:22:48] [%emt 00:00:34]} 26. g4 {[%clk 00:44:29] [%emt 00:04:05]}
26... Qf7 {[%clk 00:17:45] [%emt 00:05:32]} 27. Kh1 {[%clk 00:43:23] [%emt
00:01:38]} 27... Ne7 {[%clk 00:15:31] [%emt 00:02:44]} 28. gxh5 {[%clk
00:42:08] [%emt 00:01:45]} 28... gxh5 {[%clk 00:13:28] [%emt 00:02:32]} 29.
Rg1+ {[%clk 00:41:43] [%emt 00:00:55]} 29... Kh6 {[%clk 00:11:23] [%emt
00:02:36]} 30. Rcf1 {[%clk 00:40:49] [%emt 00:01:24]} 30... Nf5 {[%clk
00:10:04] [%emt 00:01:48]} 31. Rg5 {[%clk 00:40:13] [%emt 00:01:07]} 31... Nh4
{[%clk 00:08:08] [%emt 00:02:25]} 32. Rfg1 {[%clk 00:39:08] [%emt 00:01:36]}
32... Nf3 {[%clk 00:05:30] [%emt 00:03:06]} 33. R1g2 {[%clk 00:39:29] [%emt
00:00:11]} 33... Kh7 {[%emt 00:02:25]} 34. R5g3 {[%clk 00:38:24]} 34... Rf5
{[%clk 00:03:32] [%emt 00:02:07]} 35. Rxf3 {[%clk 00:35:48] [%emt 00:03:06]}
35... exf3 {[%clk 00:03:55] [%emt 00:00:08]} 36. Qxf3 {[%clk 00:36:17] [%emt
00:00:02]} 36... Kh6 {[%clk 00:02:59] [%emt 00:01:25]} 37. Rg3 {[%clk 00:35:13]
[%emt 00:01:34]} 37... Be7 {[%clk 00:02:18] [%emt 00:01:11]} 38. Qg2 {[%clk
00:34:29] [%emt 00:01:14]} 38... Kh7 {[%clk 00:02:26] [%emt 00:00:22]} 39. Qc2
{[%clk 00:34:46] [%emt 00:00:14]} 39... Kh6 {[%clk 00:02:12] [%emt 00:00:41]}
40. Rg8 {[%clk 00:34:13] [%emt 00:01:04]} 40... Qxg8 {[%clk 00:00:38] [%emt
00:02:05]} 41. Qxf5 {[%clk 00:34:33] [%emt 00:00:09]} 41... Bh4 {[%clk
00:24:35] [%emt 00:06:33]} 42. Qe5 {[%clk 01:02:36] [%emt 00:02:28]} 42... Bf2
{[%clk 00:19:22] [%emt 00:05:41]} 43. Qf6+ {[%clk 01:02:21] [%emt 00:00:47]}
43... Kh7 {[%clk 00:17:51] [%emt 00:01:59]} 44. Qf5+ {[%clk 01:02:15] [%emt
00:00:38]} 44... Qg6 {[%clk 00:15:30] [%emt 00:02:50]} 0-1